| 000 | 01725nam a2200409 c 4500 | ||
|---|---|---|---|
| 003 | BLK | ||
| 005 | 20210401121712.0 | ||
| 008 | 180408b bul|||||r ||||||| ||bul|| | ||
| 010 | _aKNG00067600000 | ||
| 020 |
_a954-91715-1-5 _bиздат.: Обучение |
||
| 040 | _aBLK | ||
| 041 |
_aBUL _cBUL |
||
| 072 | 7 |
_2bullib _aЯ _xАвтографи |
|
| 080 |
_aЛитература в основното училище. Методика на обучението _b373.3.016:821 _x _z373.3.016:821 |
||
| 100 | 1 |
_aНедкова, Емилия Димитрова _eпърви автор _9291383 |
|
| 700 | 1 |
_aГеоргиева, Красимира _eсъавт. _9291384 |
|
| 139 |
_aНедкова, Емилия Димитрова и др. _bН 45 |
||
| 245 | 1 | 0 |
_aЛексикалната работа в урока по литература ІІ - ІV клас _cЕмилия Димитрова Недкова; съавт. Красимира Георгиева. |
| 257 | _aBGR | ||
| 260 |
_аРусе _bОбучение _c2005 |
||
| 300 |
_a112 с. _bс табл. _c24 см |
||
| 380 | _a3 | ||
| 490 | 1 | _aЗа учителя | |
| 500 | _aБиблиогр. с. 111. | ||
| 650 | 4 |
_aЛитература - методика на преподаването - за основни училища _9249254 |
|
| 653 | _aлексика | ||
| 653 | _aлитература | ||
| 653 | _aметодика на преподаването | ||
| 653 | _aІІ кл. - ІV кл. | ||
| 653 | _aосновни училища | ||
| 659 | _aЯ | ||
| 852 | _aЦб 228884 | ||
| 856 | 4 |
_qpdf _u |
|
| 856 | 4 |
_qpdf _u |
|
| 942 |
_cKNG _n0 _02 |
||
| 944 |
_aCR _c14.08.2006 _lф / _kЛюдмила_Стоянова |
||
| 944 |
_aED _c05.10.2017 _lф / _kЛюдмила_Стоянова |
||
| 999 |
_c63361 _d63361 |
||